Visualizzazione normale
Vista MARC
- Adamson H. Ryan (et al.)
di Personal Name
Records bibliografici associati: 1
001 - CONTROL NUMBER
- control field: 61045
003 - CONTROL NUMBER IDENTIFIER
- control field:
005 - DATE AND TIME OF LATEST TRANSACTION
- control field: 20241022140505.0
008 - FIXED-LENGTH DATA ELEMENTS
- fixed length control field: 241022|| aca||aabn | a|a d
040 ## - CATALOGING SOURCE
- Original cataloging agency:
- Transcribing agency:
100 ## - HEADING--PERSONAL NAME
- Personal name: Adamson H. Ryan (et al.)
670 ## - SOURCE DATA FOUND
- Source citation: Work cat.: ()207501: Adamson H. Ryan (et al.), Quattro percorsi bibliografici sul maltrattamento all'infanzia, 1989